000 00926nam a2200289 i 4500
001 000022675
003 DO-SdBNP
005 20260305095026.0
007 ta
008 260405s190? es 001 0 spa d
040 _aDO-SdBNP
_bspa
_cBNPHU
_erda
041 _aspa
082 _axxxx
_bC419n
_222
100 1 _aCervantes Saavedra, Miguel de,
_d1547-1616
_eautor
_93070
245 1 0 _aNovelas ejemplares ;
_bla española ingelesa, licenciado vidriera, la fuerza de la sangre /
_cMiguel de Cervantes.
264 _aMadrid, :
_b[Ëditora no identificada],
_c[Fecha no identificada]
300 _a102 páginas ;
_c22 cm.
336 _ardacontent
_btexto
_2txt
337 _ardamedia
_bsin mediación
_2n
338 _ardacarrier
_bvolumen
_2nc
563 _aVarias obras empaginadas en páginas continuas
590 _aInventariado, 2026/DG
740 2 _aEntremeses
830 _946616
910 _aDG
942 _2ddc
_cLBS1
999 _c60434
_d60434